000 00406nam a22001457a 4500
003 MACL
005 20191129170100.0
008 191129b xxu||||| |||| 00| 0 eng d
040 _cMACL
100 _aWilson, Epiphanius
_98744
245 _aThe Hindu Literature : Comprising The Book of Good Counsels, Nala and Damayanti
260 _bAlph Editions
_c2017
650 _aReligion
_977375
942 _2ddc
_cBK
999 _c61463
_d61463